Online katalóg knižníc regiónu Turca

O víně / (Record no. 20335)

MARC details
000 -LEADER
fixed length control field 01271nam a2200421 a 4500
001 - CONTROL NUMBER
control field 20335
003 - CONTROL NUMBER IDENTIFIER
control field CZ PrNK
005 - DATE AND TIME OF LATEST TRANSACTION
control field 20260121125623.0
007 - PHYSICAL DESCRIPTION FIXED FIELD--GENERAL INFORMATION
fixed length control field tu
008 - FIXED-LENGTH DATA ELEMENTS--GENERAL INFORMATION
fixed length control field 030529s2002 xr a e f 001 0 cze
015 ## - NATIONAL BIBLIOGRAPHY NUMBER
National bibliography number cnb001197169
020 ## - INTERNATIONAL STANDARD BOOK NUMBER
International Standard Book Number 807209386X
Qualifying information (váz.)
035 ## - SYSTEM CONTROL NUMBER
System control number (OCoLC)53268022
040 ## - CATALOGING SOURCE
Original cataloging agency ABA001
Language of cataloging cze
041 1# - LANGUAGE CODE
Language code of text/sound track or separate title cze
Language code of original eng
072 #7 - SUBJECT CATEGORY CODE
Subject category code 663
Subject category code subdivision Průmysl nápojů. Kvasný průmysl. Průmysl pochutin
Source Konspekt
080 ## - UNIVERSAL DECIMAL CLASSIFICATION NUMBER
Universal Decimal Classification number 663.2
Edition identifier MRF
080 ## - UNIVERSAL DECIMAL CLASSIFICATION NUMBER
Universal Decimal Classification number 634.8
Edition identifier MRF
080 ## - UNIVERSAL DECIMAL CLASSIFICATION NUMBER
Universal Decimal Classification number (035)
Edition identifier MRF
100 1# - MAIN ENTRY--PERSONAL NAME
Personal name Simon, Joanna
Relationship aut
245 10 - TITLE STATEMENT
Title O víně /
Statement of responsibility, etc. Joanna Simonová ; fotografie Ian O'Leary ; [z anglického originálu ... přeložila Lenka Svobodová]
250 ## - EDITION STATEMENT
Edition statement Vyd. 1.
260 ## - PUBLICATION, DISTRIBUTION, ETC.
Place of publication, distribution, etc. Praha :
Name of publisher, distributor, etc. Slovart,
Date of publication, distribution, etc. 2002
300 ## - PHYSICAL DESCRIPTION
Extent 224 :
Other physical details barev. il. ;
Dimensions 28 cm
500 ## - GENERAL NOTE
General note Terminologický slovníček
504 ## - BIBLIOGRAPHY, ETC. NOTE
Bibliography, etc. note Obsahuje rejstřík
650 07 - SUBJECT ADDED ENTRY--TOPICAL TERM
Topical term or geographic name entry element vinohradnictví
Source of heading or term czenas
650 07 - SUBJECT ADDED ENTRY--TOPICAL TERM
Topical term or geographic name entry element vinařství
Source of heading or term czenas
650 09 - SUBJECT ADDED ENTRY--TOPICAL TERM
Topical term or geographic name entry element viticulture
Source of heading or term eczenas
650 09 - SUBJECT ADDED ENTRY--TOPICAL TERM
Topical term or geographic name entry element wine making
Source of heading or term eczenas
655 #7 - INDEX TERM--GENRE/FORM
Genre/form data or focus term příručky
Source of term czenas
655 #9 - INDEX TERM--GENRE/FORM
Genre/form data or focus term handbooks and manuals
Source of term eczenas
700 1# - ADDED ENTRY--PERSONAL NAME
Personal name O'Leary, Ian
Relationship pht
765 0# - ORIGINAL LANGUAGE ENTRY
Title Sunday Times book of wine
901 ## - LOCAL DATA ELEMENT A, LDA (RLIN)
b 9788072093861
f 1. vyd.
o 20030417
910 ## - USER-OPTION DATA (OCLC)
User-option data ABA001
942 ## - ADDED ENTRY ELEMENTS (KOHA)
Source of classification or shelving scheme Dewey Decimal Classification
Koha item type Odborná literatúra pre dospelých
Suppress in OPAC No
Holdings
Stav vyradenia Strata Poškodenie Spôsob nadobudnutia Domovská knižnica Aktuálna knižnica Dátum nadobudnutia Total checkouts Čiarový kód exemplára Date last seen Typ exemplára
      Dar Obecná knižnica Horná Štubňa Obecná knižnica Horná Štubňa 21.01.2026   9788072093861 21.01.2026 Odborná literatúra pre dospelých
Projekt je podporený Slovenskou asociáciou knižníc
Prevádzkuje Turčianska knižnica Martin 2026